Vývoj externej nerovnováhy v eurozóne

Externá nerovnováha v eurozóne v rokoch 1999-2013. Možné riešenia.

Gespeichert in:
Bibliographische Detailangaben
1. Verfasser: Nemec, Marián
Format: Buchkapitel
Sprache:Slowakisch
Schlagworte:
Tags: Tag hinzufügen
Keine Tags, Fügen Sie das erste Tag hinzu!

MARC

LEADER 00000naa a2200000 4500
001 0190581
005 20240502073215.6
041 0 |a slo 
044 |a SK 
245 1 0 |a Vývoj externej nerovnováhy v eurozóne  |c Marián Nemec 
520 |a Externá nerovnováha v eurozóne v rokoch 1999-2013. Možné riešenia. 
610 2 0 |a eurozóna 
610 2 0 |a nerovnováha hospodárska 
610 2 0 |a kríza hospodárska 
610 2 0 |a bilancia platobná 
610 2 0 |a produkt domáci hrubý 
100 1 |a Nemec, Marián